000 00820nam a22002297a 4500
005 20120326152553.0
008 120326t xxu||||| |||| 00| 0 eng d
010 _aENG-104887
020 _a9788120345188
_c225.00
035 _aEN-88420
037 _bDBAD/PUB
040 _aDPL
_bEng
082 _a660.284
100 _944300
_aBodh Raj
245 _aIntroduction to transport phenomena :
_cby Bodh Raj
_bmomentum, heat and mass /
260 _aNew Delhi
_bPHI Learning
_c2012
270 _aM-97, Connaught Circus
_bNew Delhi
_e110001
300 _axiii,218p. :
_c23cm(pbk)
_bill.
500 _aIncludes index
942 _2ddc
_cEN
_h660.284
_mBOD
999 _c64399
_d64399